00624nam a2200205 i 4500001001000000003000900010005001700019007000300036008004100039040003000080082001400110100004900124245005600173264004300229300002600272336002700298337003300325338002800358504003200386000022040DO-SdBNP20240104102338.0ta100916s1994 dr r 000 0 spa d aDO-SdBNPbspacBNPHUerda bP421p2221 aPepén, Juan F. q (Juan Felix)d1920-200710aPrincipios de moral profesional /cJuan F. Pepén. 1aSanto Domingo :bEdiciones MSC,c1994. a264 páginasc23 cm. 2rdacontentatextobtxt 2rdamediaasin mediaciónbn 2rdacarrieravolumenbnc aBibliografía : p. 259-261